|
|
|
|
| LEADER |
00000ckm a2200000 a 4500 |
| 001 |
vtls011598642 |
| 003 |
SK-MaSNL |
| 005 |
20260301042143.0 |
| 007 |
kf ao |
| 008 |
230706q1911 xo g kuhun |
| 015 |
|
|
|a SNBG1911
|
| 035 |
|
|
|a urn:nbn:sk:snk-km00fc9d
|
| 035 |
|
|
|a urn:nbn:sk:snk-km45urq
|
| 035 |
|
|
|a 912EA587-EF83-4640-92B0-9DF2C243D435
|
| 040 |
|
|
|a SNK
|b slo
|c SNK
|e AACR2
|
| 041 |
0 |
|
|a hun
|
| 043 |
|
|
|a e-xo---
|
| 044 |
|
|
|a xo
|c SK
|
| 072 |
|
7 |
|a 913
|x Regionálna geografia
|2 konspekt
|
| 080 |
|
|
|a 913(437.6)
|2 2011
|
| 080 |
|
|
|a 94(084.121)
|2 2011
|
| 080 |
|
|
|a 726.95
|2 2011
|
| 080 |
|
|
|a 904(084.121)
|2 2011
|
| 080 |
|
|
|a 726:27-523.42
|2 2011
|
| 080 |
|
|
|a 725.1:352
|2 2011
|
| 245 |
0 |
0 |
|a Selmeczbánya
|h grafika
|b a város Keleti része a Kálváriával
|
| 260 |
|
|
|a [Slovensko?]
|b [vydavateľ neznámy]
|c [1911?]
|
| 300 |
|
|
|a 1 pohľadnica
|b tónovaná do hneda
|c 9 x 14 cm
|
| 500 |
|
|
|a Názvové údaje prevzaté z obrazovej časti pohľadnice
|
| 520 |
8 |
|
|a Zobrazenie: V drevenom orámovaní, na bielom podklade oválny pohľad z kopca, z diaľky na mesto. Vľavo v meste je radnica a vpravo kostol Nanebovzatia Panny Márie. V diaľke za mestom na kopci je kalvária
|
| 610 |
2 |
7 |
|a Kostol Nanebovzatia Panny Márie (Banská Štiavnica, Slovensko)
|2 SNKKA
|9 175525
|
| 650 |
0 |
7 |
|a kultúrne pamiatky
|2 SNKPH
|9 2862
|
| 650 |
0 |
7 |
|a kalvárie
|2 SNKPH
|9 3025
|
| 650 |
0 |
7 |
|a kostoly
|2 SNKPH
|9 3023
|
| 650 |
0 |
7 |
|a radnice
|2 SNKPH
|9 27759
|
| 651 |
|
7 |
|a Banská Štiavnica (Slovensko)
|2 SNKPHgeo
|9 16373
|
| 655 |
|
7 |
|a miestne pohľadnice
|2 SNKPH
|9 70510
|
| 655 |
|
7 |
|a historické pohľadnice
|2 SNKPH
|9 159703
|
| 655 |
|
7 |
|a pohľadnice kultúrnych pamiatok
|2 SNKPH
|9 70523
|
| 852 |
|
|
|a Slovenská národná knižnica
|
| 958 |
|
|
|a ONDV
|
| 958 |
|
|
|a GC
|
| 958 |
|
|
|a GBN
|
| 999 |
|
|
|c 590303
|d 592233
|
| 952 |
|
|
|a SNK
|b SNK
|y PREZ
|7 0
|p 17A1211627
|o snkSP 11790
|z Pohľadnica prešla poštou.
|0 0
|1 0
|4 0
|d 2016-12-09
|f 1
|l 0
|r 2026-02-23 15:22:12
|w 2026-02-23
|